000 00344 a2200157 4500
001 175931
020 _a
040 _cMagnum
100 _aAntonelli Filho, Roberto
240 1 0 _aA vida na mata atlantica
_lpor
245 1 0 _aA vida na mata atlantica
362 0 _a1899
440 1 _aFTD
697 _aMAGNITO: PARADIDATICOS
942 _cBK
999 _c175931
_d175931